Cuentos para seguir creciendo (Registro nro. 76635)

Detalles MARC
000 -CABECERA
fixed length control field 00489nam a22001937a 4500
003 - IDENTIFICADOR DEL NUMERO DE CONTROL
control field bpm
005 - FECHA Y HORA DE LA ULTIMA TRANSACCION
control field 20260414110229.0
008 - ELEMENTOS DE LONGITUD FIJA -- INFORMACION GENERAL
fixed length control field 260414b |||||||| |||| 00| j spa d
024 ## - OTRO IDENTIFICADOR NORMALIZADO
Número o código normalizado S. C. C. / M. C. y E. M.:
040 ## - FUENTE DE CATALOGACION
Código de la agencia catalogadora original AR-CtUCP
041 ## - LANGUAGE CODE
Código de Idioma para texto o pista de sonido o título separado spa
080 ## - CLASIFICACIÓN DECIMAL UNIVERSAL
Clasificación Decimal Universal CDU
100 ## - ASIENTO PRINCIPAL--NOMBRE PERSONAL
Nombre del autor personal Ministerio de Eduación
245 ## - MENCION DE TITULO
Ti­tulo Cuentos para seguir creciendo
260 ## - PUBLICACION, DISTRIBUCION, ETC. (PIE DE IMPRENTA)
Lugar Buenos Aires
Editor Ministerio de Eduación
Fecha 2008
650 ## - SASIENTO SECUNDARIO DE MATERIA - TERMINO TEMATICO
Término controlado Literatura - Cuento
942 ## - TIPO DE MATERIAL
Tipo de I­tem LIBRO
Existencias
Estado Perdido Estado de Daño Ubicacion Permanente Ubicacion Actual Sala Fecha de Adquisicion Signatura Topografica Completa Numero de Inventario Date last seen Tipo de Ejemplar
    Biblioteca Regional de Poesía Biblioteca Regional de Poesía Biblioteca 14/04/2026 82 MIN c P 90 14/04/2026 LIBRO
    Biblioteca Regional de Poesía Biblioteca Regional de Poesía Biblioteca 14/04/2026 82 MIN c Ej. 2 P 91 14/04/2026 LIBRO